A Lei 4.320 no contexto da lei de responsabilidade fiscal / (Record no. 469)

MARC details
000 -LÍDER
Campo Fixo de Controle 00804nam a2200265 a 4500
001 - NÚMERO DE CONTROLE
Campo de Controle 469
003 - IDENTIFICAÇÃO DO NÚMERO DE CONTROLE
Campo de Controle BR-CuiBMT
005 - DATA E HORA DA ÚLTIMA ATUALIZAÇÃO
Campo de Controle 20231108152500.0
008 - DADOS FIXOS
Dados Fixos 231107s2005 spb 000 0 eng d
020 ## - INTERNATIONAL STANDARD BOOK NUMBER
Nº do ISBN 8586314463
040 ## - AGÊNCIA CATALOGADORA
Código da Agência Catalogadora BR-CuiBMT
Agência que transcreveu o registro BR-CuiBMT
080 ## - Nº DA CLASSIFICAÇÃO DECIMAL UNIVERSAL
Nº edição CDU 2007
Nº Class. CDU 351.72
090 ## - NÚMERO DE CHAMADA
Nº classificação 351.72
Cutter T649l
100 1# - ENTRADA PRINCIPAL -- AUTOR PESSOAL
Nome pessoal Toledo Júnior, Flávio C. de
245 12 - TÍTULO PRINCIPAL
Título principal A Lei 4.320 no contexto da lei de responsabilidade fiscal /
Indicação de responsabilidade Flávio C. de Toledo Jr., Sérgio Ciqueira Rossi.
250 ## - EDIÇÃO
Edição 1. ed.
260 ## - PUBLICAÇÃO, DISTRIBUIÇÃO, ETC.
Local de publicação São Paulo :
Editora NDJ,
Data 2005.
300 ## - DESCRIÇÃO FÍSICA
N. páginas ou volumes 273 p. ;
Dimensões 23 cm
504 ## - NOTA DE BIBLIOGRAFIA, ETC.
Nota de bibliografia Inclui bibliografia.
650 ## - ASSUNTO TÓPICO
Cabeçalho tópico ou nome geográfico Responsabilidade fiscal
Subdivisão geográfica Brasil
650 ## - ASSUNTO TÓPICO
Cabeçalho tópico ou nome geográfico Orçamento público
Subdivisão geográfica Brasil
650 ## - ASSUNTO TÓPICO
Cabeçalho tópico ou nome geográfico Obrigação tributária
Subdivisão geográfica Brasil
700 1# - ENTRADA SECUNDÁRIA -- NOME PESSOAL
Nome pessoal Rossi, Sérgio Ciquera
942 ## - ELEMENTOS DE ENTRADA ADICIONAIS (KOHA)
Fonte de classificação ou esquema de arquivamento Classificação Decimal Universal
Tipo de item do Koha Livros
Holdings
Estado: removido Estado: perdido Fonte de classificação ou esquema de arquivamento Estado: danificado Indisponível para empréstimo Localização permanente Localização atual Data de aquisição Total Checkouts Número de Chamada completo Código de barras Date last seen Número do exemplar Preço efetivo a partir de Tipo de item (Koha)
    Classificação Decimal Universal     Biblioteca da Escola Superior de Contas do TCE/MT Biblioteca da Escola Superior de Contas do TCE/MT 07/11/2023   351.72 T649l BIBTCEMT23110227 07/11/2023 Ex. 1 07/11/2023 Livros

Powered by Koha